Umění prodávat /

Hlavní autor: Filipová, Alena, 1965-
Jazyk: Čeština
Vydáno: Praha : Grada, 2011
Vydání: 3., dopl. a aktualiz. vyd.
Témata:
Fyzický popis: 206 s. ; 24 cm
Language note: Anglické resumé
Knihy
Uloženo v:
LEADER 01971nam a2200565 a 4500
001 nkc20102132826
003 CZ PrNK
005 20170503123746.0
007 ta
008 101020s2011 xr f 001 0 cze
015 |a cnb002132826 
020 |a 978-80-247-3511-5  |q (brož.) 
035 |a (OCoLC)697266563 
040 |a OLA001  |b cze  |d BOA001 
041 0 |a cze  |b eng 
072 7 |a 658  |x Řízení a správa podniku  |2 Konspekt  |9 4 
080 |a 658.8  |2 MRF 
080 |a 658.8:005.32  |2 MRF 
080 |a 658.811  |2 MRF 
080 |a 005.346  |2 MRF 
080 |a 316.776  |2 MRF 
080 |a 339:17.024.4  |2 MRF 
080 |a (048.8)  |2 MRF 
100 1 |a Filipová, Alena,  |d 1965-  |7 ola2006345423  |4 aut 
245 1 0 |a Umění prodávat /  |c Alena Filipová 
250 |a 3., dopl. a aktualiz. vyd. 
260 |a Praha :  |b Grada,  |c 2011 
300 |a 206 s. ;  |c 24 cm 
504 |a Obsahuje bibliografii, bibliografické odkazy a rejstřík 
546 |a Anglické resumé 
650 0 7 |a prodej  |7 ph115885  |2 czenas 
650 0 7 |a psychologie prodeje  |7 ph119528  |2 czenas 
650 0 7 |a management prodeje  |7 ph137814  |2 czenas 
650 0 7 |a řízení vztahů se zákazníky  |7 ph118187  |2 czenas 
650 0 7 |a obchodní komunikace  |7 ph123556  |2 czenas 
650 0 7 |a obchodní úspěch  |7 ph123563  |2 czenas 
650 0 9 |a selling  |2 eczenas 
650 0 9 |a psychology of selling  |2 eczenas 
650 0 9 |a sales management  |2 eczenas 
650 0 9 |a customer relationship management  |2 eczenas 
650 0 9 |a communication in business  |2 eczenas 
650 0 9 |a commercial success  |2 eczenas 
655 7 |a monografie  |7 fd132842  |2 czenas 
655 9 |a monographs  |2 eczenas 
910 2 |a BOA001  |b 2-1253.781 
990 |a BK 
995 |a 01 
991 |b 201101  |c NOV  |j 658.7/.8 FIL  |e n 
996 7 |b 2610456033  |c 2-1253.781  |l MZK  |r Sklad / do 1 hodiny  |n 0  |p p.v.  |w 001160613  |u 000010  |a 1  |e BOA001  |j MZK50  |s A 
996 6 |b 2610533424  |c 2-1253.781  |l MZK  |r Sklad / do 1 hodiny  |n 21  |p kup  |w 001160613  |u 000020  |a 1  |e BOA001  |j MZK50  |s P